[Event "Quart de Poblet op 7th"]
[White "Marques Montolio, Luis"]
[Black "Nieves Cabanes, Jose Manuel"]
[Site "Quart de Poblet"]
[Round "1"]
[Result "0-1"]
[Date "2019.08.05"]
[WhiteElo "1632"]
[BlackElo "2311"]
[PlyCount "60"]
[EventDate "2019.08.05"]
[EventType "swiss"]
[EventRounds "9"]
[EventCountry "ESP"]
[SourceTitle "CBM 191 Extra"]
[Source "ChessBase"]
[SourceDate "2019.09.30"]
[SourceVersion "1"]
[SourceVersionDate "2019.09.30"]
[SourceQuality "1"]

1. e4 e6 2. d4 d5 3. exd5 exd5 4. Bd3 c5 5. c3 Nc6 6. Nf3 Bg4 7. dxc5 Bxc5 8. 0-0 Nf6 9. Bg5 0-0 10. Re1 h6 11. Bh4 Qd6 12. Bg3 Qd7 13. Nbd2 Nh5 14. Qc2 Nxg3 15. hxg3 Qd6 16. Kf1 Qf6 17. Re2 Rac8 18. a3 Bb6 19. Qa4 h5 20. Qf4 Qd8 21. Qa4 Bc7 22. Rae1 a6 23. Re3 g6 24. Qc2 Kg7 25. Nh2 Bb6 26. Nxg4 hxg4 27. R3e2 Nd4 28. Qd1 Nxe2 29. Rxe2 Rh8 30. Kg1 Qg5 0-1

[Event "Burjassot U2200 op 4th"]
[White "Sospedra Escat, Francisco"]
[Black "Marques Montolio, Luis"]
[Site "Burjassot"]
[Round "5.14"]
[Result "1-0"]
[Date "2016.10.07"]
[WhiteElo "1279"]
[BlackElo "1657"]
[PlyCount "51"]
[EventDate "2016.09.09"]
[EventType "swiss"]
[EventRounds "7"]
[EventCountry "ESP"]
[SourceTitle "EXT 2024"]
[Source "ChessBase"]
[SourceDate "2023.10.10"]
[SourceVersion "1"]
[SourceVersionDate "2023.10.10"]
[SourceQuality "1"]

1. c4 c6 2. Nc3 Nf6 3. Nf3 a6 4. g3 d5 5. cxd5 Nxd5 6. Bg2 e6 7. e3 Nd7 8. 0-0 N7f6 9. d4 Bb4 10. Nxd5 exd5 11. Bd2 Bd6 12. Bc3 Ne4 13. Nd2 Nxc3 14. bxc3 0-0 15. Qc2 f5 16. f3 Bd7 17. e4 fxe4 18. fxe4 dxe4 19. Bxe4 h6 20. Rxf8+ Qxf8 21. Rf1 Qe7 22. Nc4 Bh3 23. Nxd6 Bxf1 24. Qb3+ Kf8 25. Bh7 Bh3 26. Qg8# 1-0

[Event "Valencia Region-ch Primera"]
[White "Marques Montolio, Luis"]
[Black "Vidal Maiques, Jose Antonio"]
[Site "Valencia"]
[Round "3.5"]
[Result "1/2-1/2"]
[Date "2015.10.24"]
[WhiteElo "1626"]
[BlackElo "1847"]
[PlyCount "79"]
[EventDate "2015.10.03"]
[EventType "swiss"]
[EventRounds "7"]
[EventCountry "ESP"]
[SourceTitle "EXT 2024"]
[Source "ChessBase"]
[SourceDate "2023.10.10"]
[SourceVersion "1"]
[SourceVersionDate "2023.10.10"]
[SourceQuality "1"]

1. e4 c6 2. d4 d5 3. Nc3 dxe4 4. Nxe4 Bf5 5. Ng3 Bg6 6. Nf3 Nd7 7. h4 h6 8. h5 Bh7 9. Bd3 Bxd3 10. Qxd3 Ngf6 11. Bd2 e6 12. 0-0-0 Bd6 13. Ne4 Nxe4 14. Qxe4 Nf6 15. Qe2 Qc7 16. Ne5 0-0-0 17. f4 Kb8 18. Kb1 Bxe5 19. dxe5 Nd5 20. c4 Ne7 21. g4 c5 22. Bc3 Rhe8 23. Rxd8+ Rxd8 24. Rd1 Nc6 25. Rxd8+ Qxd8 26. Qd2 Kc7 27. Qxd8+ Kxd8 28. Kc2 Ke7 29. Kd3 g6 30. Ke4 gxh5 31. gxh5 Kf8 32. f5 Ne7 33. f6 Nf5 34. Kf4 Ke8 35. Be1 Kd7 36. Ke4 Kc6 37. Kd3 b6 38. Bd2 a5 39. a4 Kd7 40. Be1 1/2-1/2

[Event "Valencia Torrefiel U2200 1st"]
[White "Marques Montolio, Luis"]
[Black "Gil Lopez, Alejandro"]
[Site "Valencia"]
[Round "4.11"]
[Result "1/2-1/2"]
[Date "2014.11.01"]
[WhiteElo "1683"]
[BlackElo "1522"]
[PlyCount "71"]
[EventDate "2014.10.31"]
[EventType "swiss"]
[EventRounds "7"]
[EventCountry "ESP"]
[SourceTitle "EXT 2024"]
[Source "ChessBase"]
[SourceDate "2023.10.10"]
[SourceVersion "1"]
[SourceVersionDate "2023.10.10"]
[SourceQuality "1"]

1. e4 c5 2. Nf3 g6 3. d4 cxd4 4. Nxd4 Bg7 5. Bc4 Nc6 6. c3 Nf6 7. f3 d5 8. exd5 Nxd5 9. Qb3 e6 10. Nxc6 bxc6 11. 0-0 Qb6+ 12. Qxb6 axb6 13. Na3 b5 14. Bxd5 exd5 15. Nc2 0-0 16. Bf4 Bf5 17. Nb4 Ra4 18. Bd6 Rc8 19. g4 Be6 20. Nc2 c5 21. a3 d4 22. cxd4 Bxd4+ 23. Nxd4 Rxd4 24. Be5 Rd3 25. Rad1 Rcd8 26. Rxd3 Rxd3 27. Bf6 h5 28. h3 Kf8 29. Kg2 Ke8 30. Kg3 hxg4 31. hxg4 Kd7 32. g5 Kc6 33. Rf2 Kd5 34. Be7 c4 35. Bf6 Kc5 36. Be7+ 1/2-1/2

[Event "Mislata op-C 45th"]
[White "Fuset Torralba, Jose Luis"]
[Black "Marques Montolio, Luis"]
[Site "Mislata"]
[Round "8"]
[Result "1-0"]
[Date "2011.08.20"]
[WhiteElo "1823"]
[BlackElo "1727"]
[PlyCount "53"]
[EventDate "2011.08.15"]
[EventType "swiss"]
[EventRounds "9"]
[EventCountry "ESP"]
[SourceTitle "EXT 2014"]
[Source "ChessBase"]
[SourceDate "2013.11.20"]
[SourceVersion "1"]
[SourceVersionDate "2013.11.20"]
[SourceQuality "1"]

1. c4 c6 2. d4 d5 3. e3 Nf6 4. Nf3 Bf5 5. Nc3 a6 6. Bd3 Bxd3 7. Qxd3 e6 8. 0-0 Be7 9. e4 dxe4 10. Nxe4 Nbd7 11. Nc3 h6 12. Bf4 Nb6 13. Be5 0-0 14. Rad1 Nbd7 15. Qe2 Qc8 16. Bf4 Rd8 17. Rfe1 Bf8 18. a3 a5 19. h3 b6 20. Bh2 Qb7 21. Rd2 c5 22. Red1 cxd4 23. Rxd4 Rac8 24. Nb5 Bc5 25. Nd6 Qc6 26. Nxc8 Bxd4 27. Ne7+ 1-0

[Event "Mislata op-C 45th"]
[White "Marques Montolio, Luis"]
[Black "Lopez Benavent, Luis Vicente"]
[Site "Mislata"]
[Round "4"]
[Result "0-1"]
[Date "2011.08.17"]
[WhiteElo "1727"]
[BlackElo "1858"]
[PlyCount "98"]
[EventDate "2011.08.15"]
[EventType "swiss"]
[EventRounds "9"]
[EventCountry "ESP"]
[SourceTitle "EXT 2014"]
[Source "ChessBase"]
[SourceDate "2013.11.20"]
[SourceVersion "1"]
[SourceVersionDate "2013.11.20"]
[SourceQuality "1"]

1. e4 e6 2. d4 d5 3. exd5 exd5 4. Bd3 Bd6 5. Nf3 Ne7 6. 0-0 Bg4 7. Bg5 f6 8. Bh4 0-0 9. Nbd2 Nd7 10. Re1 Re8 11. c3 Nf8 12. Qc2 Neg6 13. Bg3 Bxg3 14. fxg3 Qd6 15. c4 c6 16. c5 Qc7 17. b4 a6 18. a4 Bd7 19. Kf2 b5 20. axb5 axb5 21. Nb3 Kf7 22. Rxa8 Rxa8 23. Na5 Re8 24. Qd2 Rxe1 25. Qxe1 Qd8 26. Nb7 Qa8 27. Nd6+ Kg8 28. h4 Qa2+ 29. Kg1 h5 30. Nh2 Qb2 31. Nf3 Qb3 32. Qb1 Qxb1+ 33. Bxb1 Ne7 34. Kf2 g6 35. Ke3 Kg7 36. Kd3 Nf5 37. Ke2 Nxg3+ 38. Kf2 Nf5 39. Nxf5+ Bxf5 40. Bxf5 gxf5 41. Ke3 Ne6 42. g3 Kg6 43. Ne1 f4+ 44. gxf4 Kf5 45. Nf3 Nxf4 46. Kf2 Nd3+ 47. Kg3 Nxb4 48. Nd2 Nc2 49. Nb3 Ke4 0-1